| 000 -LEADER |
| fixed length control field |
00591cam a22001577a 4500 |
| 008 - FIXED-LENGTH DATA ELEMENTS--GENERAL INFORMATION |
| fixed length control field |
180718b1984 xxu||||| |||| 00| 0 eng d |
| 082 ## - DEWEY DECIMAL CLASSIFICATION NUMBER |
| Classification number |
P4x54 N213 |
| 100 ## - MAIN ENTRY--PERSONAL NAME |
| Personal name |
Raja, Moonis |
| 245 ## - TITLE STATEMENT |
| Title |
School accessibility in India: the regional dimension |
| Statement of responsibility, etc. |
by Moonis Raja, Aijazuddin Ahmad and Sheel Chand Nuna |
| 260 ## - PUBLICATION, DISTRIBUTION, ETC. |
| Place of publication, distribution, etc. |
Delhi |
| Name of publisher, distributor, etc. |
National Institute of Educational Planning and Administration |
| Date of publication, distribution, etc. |
1984 |
| 300 ## - PHYSICAL DESCRIPTION |
| Extent |
29p. |
| 650 ## - SUBJECT ADDED ENTRY--TOPICAL TERM |
| Topical term or geographic name entry element |
Schools - India |
| 700 ## - ADDED ENTRY--PERSONAL NAME |
| Personal name |
National Institute of Educational Planning and Administration, New Delhi |
| 700 ## - ADDED ENTRY--PERSONAL NAME |
| Personal name |
Sheel Chand |
| 700 ## - ADDED ENTRY--PERSONAL NAME |
| Personal name |
Ahmad, Aijazuddin, Nuna |